000 00464nam a22001457a 4500
008 160802b xxu||||| |||| 00| 0 eng d
020 _a9780195677959
050 _aHD 62.15.B43 2006
100 _aBedi, Kanishka.
_d2006
245 _aQuality management /
_c Kanishka Bedi
260 _aNew Delhi:
_bOxford university,
_c2006.
300 _axi, 712 p. : ill.
_bIncludes index.
650 _aManagement.
942 _2lcc
_cBOOKS
_hHD 62.15.B43 2006
_01
999 _c12317
_d12317